Strategický marketing

Stratégia znamená prechod od danej skutočnosti k žiaducej. Tri scenáre strategického rozhodovania o budúcnosti podniku. Typy tvorcu stratégie. Proces analyzovania trhových a podnikových skutočností.

Saved in:
Bibliographic Details
Main Author: Tomek, Gustav
Other Authors: Vávrová, Věra
Format: Book Chapter
Language:Czech
Subjects:
Tags: Add Tag
No Tags, Be the first to tag this record!

MARC

LEADER 00000naa a2200000 4500
001 r036894
005 20230522103342.3
041 0 |a cze 
044 |a CZ 
245 1 0 |a Strategický marketing  |c Gustav Tomek, Věra Vávrová 
520 |a Stratégia znamená prechod od danej skutočnosti k žiaducej. Tri scenáre strategického rozhodovania o budúcnosti podniku. Typy tvorcu stratégie. Proces analyzovania trhových a podnikových skutočností. 
610 2 0 |a marketing strategický 
610 2 0 |a plánovanie strategické 
610 2 0 |a plánovanie operatívne 
610 2 0 |a plánovanie podnikové 
610 2 0 |a rozhodovanie strategické 
610 2 0 |a stratégia podniková 
100 1 |a Tomek, Gustav 
700 1 |a Vávrová, Věra